Sympózium "Der nordkarpatische Raum in der Spätbronzezeit"

Bibliographic Details
Main Author: Kujovský, Rudolf, 1951- (Author)
Format: Article
Language:Slovak
ISSN:1335-0102
Subjects:

MARC

LEADER 00000nab a2200000 a 4500
001 vtls000687327
003 SK-MaSNL
005 20260302195607.0
008 140630c1998 xo 0 slo
015 |a SNBRB1999/03-07766 
035 |a CLN000039494 
040 |a SNKBUCL  |b slo  |c SNKBUCL  |e AACR2 
041 0 |a slo 
044 |a xo  |c SK 
080 |a 903.3/.4(4)"637/6383":061.3  |2 1997 
080 |a 902:061.3  |2 1997 
100 1 |a Kujovský, Rudolf,  |d 1951-  |4 aut  |9 10172 
245 1 0 |a Sympózium "Der nordkarpatische Raum in der Spätbronzezeit"  |c Rudolf Kujovský 
611 2 7 |a Nordkarpatische Raum in der Spätbronzezeit  |d (1998 :  |c Baia Mare, Rumunsko)  |2 snkbucl  |9 917327 
650 0 7 |a osídľovanie  |2 snkbucl  |9 31252 
650 0 7 |a doba bronzová  |2 snkbucl  |9 79087 
650 0 7 |a doba halštatská  |2 snkbucl  |9 85773 
650 0 7 |a sympózia  |2 snkbucl  |9 22177 
651 7 |a Karpaty (pohorie)  |2 snkbucl  |9 157023 
651 7 |a Západné Karpaty (pohorie)  |2 SNKPHgeo  |9 175174 
651 7 |a Východné Karpaty (pohorie)  |2 SNKPHgeo  |9 155895 
773 0 |t Slovenská archeológia  |g Roč. 46, č. 1 (1998), s. 129-130  |x 1335-0102 
850 |a Slovenská národná knižnica v Martine 
852 |a SNK  |b KIS3GCP 
958 |a RO 
999 |c 1453221  |d 1455151